The book of knowledge, (Record no. 21077)

MARC details
000 -LEADER
fixed length control field 00396cam a22001691 4500
020 ## - INTERNATIONAL STANDARD BOOK NUMBER
ISBN 8185738564
082 ## - DEWEY DECIMAL CLASSIFICATION NUMBER
Classification number 297.4
Author Cutter FAR
100 1# - MAIN ENTRY--AUTHOR NAME
Author name Ghazzālī,
245 14 - TITLE STATEMENT
Title The book of knowledge,
260 ## - PUBLICATION, DISTRIBUTION, ETC. (IMPRINT)
Place of publication New Delhi,
Name of publisher Islamic Book Service
Year of publication 2002
300 ## - PHYSICAL DESCRIPTION
Number of Pages 230 p.
650 #0 - SUBJECT ADDED ENTRY--TOPICAL TERM
Topical Term Islamic philosophy.
650 #0 - SUBJECT ADDED ENTRY--TOPICAL TERM
Topical Term Islamic ethics.
942 ## - ADDED ENTRY ELEMENTS (KOHA)
Koha item type Books
700 1# -
-- Faris, Nabih Amin,
Holdings
Home library Current library Shelving location Date acquired Full call number Accession Number Koha item type
Henry Martyn Institute Library Henry Martyn Institute Library General stacks 06/01/2018 297.4 FAR 24766 Books
                   Copyright © 2026 | Henry Martyn Institute | Hyderabad | TS-500052 | INDIA | Implemented by hmi.edu.in
Hit-Count:

Powered by Koha